Título en la letra 5 - Estadísticas

Estadísticas generales
  • Esta prueba ha sido intentada 2.349 veces
  • La puntuación promedio es 8 de 15
Estadísticas de respuestas
Letra % Correcto
Yo sólo la miré y me gustó / Me pegué y la invité: "Bailemos, eh?" / La noche está para un {reggaetón} {lento} / De esos que no se bailan hace tiempo
86%
Yo te miro y se me corta la respiración / Cuando tú me miras, se me sube el corazón / Y en un silencio, tu mirada dice mil palabras / La noche en la que te suplico que no salga el Sol / {Bailando} / {Bailando} / Tu cuerpo y el mío, llenando el vacío / Subiendo y bajando
83%
Camina, cada paso tuyo a mi me contamina / Mueve las caderas como gelatina / Lindura divina, te comería con {pan} {y} {mantequilla}
79%
{Libre} / Como el Sol cuando amanece / Yo soy {libre} como el mar / {Libre} / Como el ave que escapó de su prisión / Y puede, al fin, volar
78%
{Carolina}, trátame bien / No te rías de mí, no me arranques la piel / {Carolina}, trátame bien / O, al final, te tendré que comer
77%
Podéis tener Retiro, Casa Campo y Ateneo / Podéis tener mil cines, mil teatros, mil museos / Podéis tener Corrala, organillos y chulapas / Pero al llegar agosto, ¡vaya, vaya! / {Aquí} {no} {hay} {playa}
71%
{20} {de} {abril} del 90 / Hola Chata, ¿cómo estás? / ¿Te sorprende que te escriba? / Tanto tiempo, es normal
67%
Tú eres puro, puro {chantaje} / Puro, puro {chantaje} / Siempre es a tu manera / Yo te quiero aunque no quiera / Tú eres puro, puro {chantaje} / Puro, puro {chantaje} / Vas libre como el aire / No soy de ti ni de nadie
60%
{Como} {una} {ola} tu amor llegó a mi vida / {Como} {una} {ola} de fuego y de caricias / De espuma blanca y rumor de caracolas / {Como} {una} {ola}
55%
Y si fuera mi vida una escalera / Me la he pasado entera buscando el siguiente escalón / Convencido que estás en el tejado / Esperando a ver si llego yo / Y dejar de lado {la} {vereda} {de} {la} {puerta} {de} {atrás} / Por donde te vi marchar / Como una regadera que la hierba hace que vuelva a brotar / Y ahora es todo campo ya
49%
Si tú me hubieras dicho siempre la verdad / Si hubieras respondido cuando te llamé / Si hubieras amado cuando te amé / Serías en mis sueños la mejor mujer / Si no supiste amar / {Ahora} {te} {puedes} {marchar}
27%
{Yo} {no} {te} {pido} {la} {luna} / Tan solo quiero amarte / Quiero ser esa locura que vibra muy dentro de ti / {Yo} {no} {te} {pido} {la} {luna} / Solo te pido el momento / De rescatar esta piel y robarme esa estrella / Que vemos tú y yo al hacer el amor
26%
Y quiero / Olvidar todo y empezar de cero / Y tengo / Una canción y muy poco dinero / Espero / Tener la oportunidad para poder demostrar / Que nadie más te cuida y que solo yo {te} {entiendo}
21%
La vida te da sorpresas, sorpresas te da la vida / {Pedro} {Navaja}, matón de esquina / Quien a hierro mata, a hierro termina / La vida te da sorpresas, sorpresas te da la vida
12%
Ya / Ya no puedo más / Ya me es imposible soportar / {Otro} {día} {más} {sin} {verte} / Ven / Dame una razón / Si es algo que no tiene solución / Es {otro} {día} {más} {sin} {verte}
9%
No se encontraron pruebas coincidentes
Distribución de puntuación
Porcentaje de gente con cada puntuación
Porcentaje por número respondido
Historial de tus puntuaciones
No has intentado esta prueba.